Normal view
MARC view
- Ahman Salman.
Entry Personal Name
001 - CONTROL NUMBER
- control field: 30916
003 - CONTROL NUMBER IDENTIFIER
- control field: NUST
005 - DATE AND TIME OF LATEST TRANSACTION
- control field: 20200929120944.0
008 - FIXED-LENGTH DATA ELEMENTS
- fixed length control field: 200929|| aca||aabn | a|a d
040 ## - CATALOGING SOURCE
- Original cataloging agency: NUST
- Transcribing agency: NUST
100 ## - HEADING--PERSONAL NAME
- Personal name: Ahman Salman.
670 ## - SOURCE DATA FOUND
- Source citation: Work cat.: (NUST): Daniyal Ahmad Aftab ; Usman Haider 30915, An Artificially Intelligent Chat Bot Designed Using Cognitive-Behavioral Therapy /, 2019.
